| 000 | 00000nam##2200000za#4500 |
| 001 | 9.578525 |
| 003 | CaOODSP |
| 005 | 20210624190129 |
| 007 | cr ||||||||||| |
| 008 | 150406|2001||||xxc|||||o f|0| 0 eng|d |
| 022 | |a1701-1280 |
| 040 | |aCaOODSP|beng |
| 043 | |an-cn--- |
| 086 | 1 |aFs70-4/2001-18E-PDF |
| 110 | 1 |aCanada. |bDepartment of Fisheries and Oceans. |
| 245 | 10|aProceedings of the fourth meeting of the Transboundary Resources Assessment Committee (TRAC) : |h[electronic resource]|b17-20 April 2001 - Conference Centre, St. Andrew's Biological Station, St. Andrew's, New Brunswick, Canada / |cR. O'Boyle, meeting chair. |
| 260 | |aDartmouth - Nova Scotia : |bFisheries and Oceans Canada |
| 300 | |a39p.|btable |
| 490 | 1 |aCanadian Science Advisory Secretariat proceedings series|x1701-1280|v2001/18, July 2001 |
| 546 | |aChiefly English, with bilingual foreword and abstract. |
| 590 | |a14-10-Supp|b2014-05-08 |
| 830 | #0|aProceedings series (Canadian Science Advisory Secretariat)|x1701-1280|v2001/18, July 2001|w(CaOODSP)9.506483 |
| 856 | 40|ahttp://publications.gc.ca|qPDF|s138 KB|uhttps://publications.gc.ca/collections/collection_2014/mpo-dfo/Fs70-4-2001-18-eng.pdf|y2001/18, July 2001 |